000 00828nam a2200277 i 4500
003 DO-SdBNP
005 20230519144057.0
006 a||||er|||| 00| 0
007 ta
008 230519e2001 ||| |||er|||| 001 fdspa d
020 _a8481302643
040 _aDO-SdBNP
_bspa
_cBNPHU
_erda
082 4 _222
_bE772
100 1 _911066
_aEsquivel, Laura,
_d1950-
245 1 0 _aComo agua para chocolate. /
_cLaura Esquivel; prólogo de Lourdes Ventura.
264 3 0 _a[sin lugar] :
_bBibliotex,
_c2001
300 _a157 páginas ;
_c20 cm.
336 _2rdaconten
_atexto
_btxt
337 _2rdamedia
_asin medición
_bn
338 _2rdacarrier
_avolumen
_bnc
490 _abiblioteca el Mundo ;
_v21
490 _aTelefonica
590 _aInventariado 2023 / MF
700 1 _aVentura, Lourdes.
_eprólogo
_983425
942 _2ddc
_cLBS1
999 _c53579
_d53579